| 000 | 00765nam a2200217 a 4500 | ||
|---|---|---|---|
| 005 | 20240928063753.0 | ||
| 008 | 100215s2005 es r 000 0 spa d | ||
| 020 | _a8420546151 | ||
| 035 | _aUPN01000174734 | ||
| 049 | _aCG | ||
| 050 | 4 |
_aHF5549.5 M5 _bA5.3 |
|
| 100 | 1 | _aAnca, Celia de | |
| 245 | 1 | 3 |
_aLa gestión de la diversidad en la organización global : _bhacia un nuevo valor en la empresa / _cCelia de Anca, Antonio Vázquez Vega. |
| 260 |
_aMadrid : _bPearson Educación, _cc2005. |
||
| 300 |
_a264 p. : _btablas |
||
| 650 | 4 |
_aDIVERSIDAD EN EL LUGAR DE TRABAJO - _zESPAÑA _915119 |
|
| 650 | 4 |
_aMULTICULTURALISMO - _zESPAÑA _913626 |
|
| 650 | 4 |
_aEmpresas _xAdministración _9229 |
|
| 700 | 1 |
_aVázquez Vega, Antonio, _d1963- , _ecoaut. |
|
| 905 | _aLibro | ||
| 999 |
_c146838 _d146838 |
||